[Event "DEM U18 2025"]
[Site "Willingen GER"]
[Date "2025.06.09"]
[Round "3"]
[White "Petzold, Johannes Julius"]
[Black "Cilo, Selimhan"]
[Result "1-0"]
[Termination "normal"]
[Board "13"]
[WhiteElo "1986"]
[BlackElo "2164"]
[WhiteClock "00:02:14"]
[BlackClock "00:01:01"]
[PlyCount "77"]
[WhiteFideId "16289455"]
[BlackFideId "16246756"]
[EventCountry "GER"]
[EventRounds "9"]
[EventType "swiss"]
[EventDate "2025.06.07"]

1. e4 {[%clk 01:30:58]} {[%emt 00:00:03]} c5 {[%clk 01:30:30]} {[%emt
00:00:29]} 2. Nf3 {[%clk 01:31:21]} {[%emt 00:00:07]} e6 {[%clk 01:30:48]}
{[%emt 00:00:13]} 3. d4 {[%clk 01:31:33]} {[%emt 00:00:19]} cxd4 {[%clk
01:31:04]} {[%emt 00:00:12]} 4. Nxd4 {[%clk 01:32:00]} {[%emt 00:00:04]} Nc6
{[%clk 01:31:22]} {[%emt 00:00:11]} 5. Nc3 {[%clk 01:32:25]} {[%emt 00:00:06]}
Qc7 {[%clk 01:31:40]} {[%emt 00:00:12]} 6. Be2 {[%clk 01:32:20]} {[%emt
00:00:35]} a6 {[%clk 01:31:49]} {[%emt 00:00:21]} 7. Nxc6 {[%clk 01:32:40]}
{[%emt 00:00:10]} bxc6 {[%clk 01:31:15]} {[%emt 00:01:04]} 8. Qd3 {[%clk
01:33:01]} {[%emt 00:00:09]} Nf6 {[%clk 01:28:20]} {[%emt 00:03:25]} 9. Qg3
{[%clk 01:32:41]} {[%emt 00:00:50]} d6 {[%clk 01:12:44]} {[%emt 00:16:06]} 10.
O-O {[%clk 01:27:53]} {[%emt 00:05:19]} Be7 {[%clk 01:10:50]} {[%emt 00:02:23]}
11. Qxg7 {[%clk 01:22:10]} {[%emt 00:06:13]} Rg8 {[%clk 01:11:12]} {[%emt
00:00:08]} 12. Qh6 {[%clk 01:22:35]} {[%emt 00:00:05]} e5 {[%clk 01:07:08]}
{[%emt 00:04:34]} 13. Bd2 {[%clk 01:11:15]} {[%emt 00:11:50]} Rg6 {[%clk
01:01:14]} {[%emt 00:06:24]} 14. Qe3 {[%clk 01:10:07]} {[%emt 00:01:37]} Rb8
{[%clk 00:51:40]} {[%emt 00:10:05]} 15. Bc4 {[%clk 01:04:10]} {[%emt 00:06:28]}
Be6 {[%clk 00:41:37]} {[%emt 00:10:32]} 16. Bxe6 fxe6 {[%clk 00:42:05]} 17. b3
{[%clk 00:58:21]} {[%emt 00:00:22]} d5 {[%clk 00:40:14]} {[%emt 00:02:22]} 18.
Qh3 {[%clk 00:57:44]} {[%emt 00:01:07]} d4 {[%clk 00:19:36]} {[%emt 00:21:08]}
19. Na4 {[%clk 00:56:21]} {[%emt 00:01:54]} Kd7 {[%clk 00:18:51]} {[%emt
00:01:14]} 20. Qd3 {[%clk 00:48:27]} {[%emt 00:08:24]} Rbg8 {[%clk 00:18:22]}
{[%emt 00:00:59]} 21. g3 {[%clk 00:48:33]} {[%emt 00:00:24]} h5 {[%emt
00:04:19]} 22. b4 {[%clk 00:39:06]} {[%emt 00:07:27]} Ke8 {[%clk 00:14:08]}
{[%emt 00:03:25]} 23. Nc5 {[%clk 00:38:00]} {[%emt 00:01:36]} Bxc5 {[%clk
00:12:55]} {[%emt 00:01:43]} 24. bxc5 {[%clk 00:38:26]} {[%emt 00:00:04]} h4
{[%clk 00:09:13]} {[%emt 00:04:12]} 25. Rab1 {[%clk 00:37:27]} {[%emt
00:01:29]} Nd7 {[%clk 00:06:01]} {[%emt 00:03:43]} 26. Bb4 {[%clk 00:26:30]}
{[%emt 00:11:26]} Qa7 {[%clk 00:05:19]} {[%emt 00:01:11]} 27. Qc4 {[%clk
00:24:56]} {[%emt 00:02:04]} Ke7 {[%clk 00:04:57]} {[%emt 00:00:53]} 28. Ba5
{[%clk 00:24:12]} {[%emt 00:01:14]} Rg4 {[%clk 00:01:44]} {[%emt 00:03:43]} 29.
Bb6 {[%clk 00:22:47]} {[%emt 00:01:55]} Qa8 {[%clk 00:02:13]} {[%emt 00:00:01]}
30. Qd3 {[%clk 00:21:39]} {[%emt 00:01:38]} Qc8 {[%clk 00:02:32]} {[%emt
00:00:12]} 31. c3 {[%clk 00:17:45]} {[%emt 00:04:23]} Nf6 {[%clk 00:01:00]}
{[%emt 00:02:02]} 32. cxd4 {[%clk 00:15:23]} {[%emt 00:02:52]} hxg3 {[%clk
00:00:33]} {[%emt 00:00:57]} 33. fxg3 {[%clk 00:14:10]} {[%emt 00:01:42]} Nxe4
{[%clk 00:00:53]} {[%emt 00:00:10]} 34. Rf3 {[%clk 00:13:40]} {[%emt 00:01:00]}
Qe8 {[%clk 00:00:35]} {[%emt 00:00:48]} 35. Ba5 {[%clk 00:13:06]} {[%emt
00:01:05]} Qd7 {[%clk 00:00:36]} {[%emt 00:00:29]} 36. Rb4 {[%clk 00:08:20]}
{[%emt 00:05:15]} Nf6 {[%clk 00:00:34]} {[%emt 00:00:33]} 37. dxe5 {[%clk
00:02:21]} {[%emt 00:06:30]} Nd5 {[%clk 00:00:32]} {[%emt 00:00:32]} 38. Rxg4
Rxg4 {[%clk 00:01:01]} 39. Qh7+ {[%clk 00:02:14]} {[%emt 00:00:11]} 1-0

[Event "DEM U18 2025"]
[Site "Willingen GER"]
[Date "2025.06.09"]
[Round "3"]
[White "Deschler, Arne"]
[Black "Eitel, Luc"]
[Result "1-0"]
[Termination "normal"]
[Board "14"]
[WhiteElo "2055"]
[BlackElo "1935"]
[WhiteClock "00:39:23"]
[BlackClock "00:01:11"]
[PlyCount "57"]
[WhiteFideId "16274415"]
[BlackFideId "16299728"]
[EventCountry "GER"]
[EventRounds "9"]
[EventType "swiss"]
[EventDate "2025.06.07"]

1. e4 {[%clk 01:30:58]} {[%emt 00:00:02]} c5 {[%clk 01:30:42]} {[%emt
00:00:18]} 2. Nf3 {[%clk 01:31:25]} {[%emt 00:00:03]} d6 {[%clk 01:31:00]}
{[%emt 00:00:12]} 3. d4 {[%clk 01:31:54]} {[%emt 00:00:01]} cxd4 {[%clk
01:31:25]} {[%emt 00:00:06]} 4. Nxd4 {[%clk 01:32:21]} {[%emt 00:00:02]} Nf6
{[%clk 01:31:49]} {[%emt 00:00:05]} 5. Nc3 {[%clk 01:32:50]} {[%emt 00:00:03]}
a6 {[%clk 01:32:13]} {[%emt 00:00:06]} 6. Be3 {[%clk 01:33:15]} {[%emt
00:00:05]} e5 {[%clk 01:32:35]} {[%emt 00:00:08]} 7. Nb3 {[%clk 01:33:42]}
{[%emt 00:00:03]} Be7 {[%clk 01:32:52]} {[%emt 00:00:12]} 8. h3 {[%clk
01:34:08]} {[%emt 00:00:05]} h6 {[%clk 01:33:11]} {[%emt 00:00:11]} 9. f4
{[%clk 01:31:57]} {[%emt 00:02:41]} Nbd7 {[%clk 01:29:08]} {[%emt 00:04:33]}
10. f5 {[%clk 01:24:30]} {[%emt 00:07:57]} b5 {[%clk 01:20:03]} {[%emt
00:09:35]} 11. Qf3 {[%clk 01:21:13]} {[%emt 00:03:46]} Bb7 {[%clk 01:18:44]}
{[%emt 00:01:49]} 12. O-O-O {[%clk 01:19:18]} {[%emt 00:02:25]} b4 {[%clk
01:15:41]} {[%emt 00:03:32]} 13. Nd5 {[%clk 01:16:44]} {[%emt 00:03:06]} Nxd5
{[%clk 01:11:44]} {[%emt 00:04:27]} 14. exd5 {[%clk 01:13:33]} {[%emt
00:03:41]} a5 {[%clk 01:07:02]} {[%emt 00:05:11]} 15. Kb1 {[%clk 01:11:03]}
{[%emt 00:02:59]} Ba6 {[%clk 00:47:49]} {[%emt 00:19:44]} 16. Bxa6 {[%clk
01:07:01]} {[%emt 00:04:33]} Rxa6 {[%clk 00:48:13]} {[%emt 00:00:05]} 17. g4
{[%clk 01:06:59]} {[%emt 00:00:32]} a4 {[%clk 00:46:15]} {[%emt 00:02:28]} 18.
Nd2 {[%clk 01:05:40]} {[%emt 00:01:49]} Qa5 {[%clk 00:42:10]} {[%emt 00:04:31]}
19. Ne4 {[%clk 01:02:40]} {[%emt 00:03:35]} Nc5 {[%clk 00:38:05]} {[%emt
00:04:35]} 20. Bxc5 {[%clk 00:59:01]} {[%emt 00:04:08]} dxc5 {[%clk 00:34:52]}
{[%emt 00:03:43]} 21. d6 {[%clk 00:57:15]} {[%emt 00:02:17]} Bf6 {[%clk
00:31:19]} {[%emt 00:04:03]} 22. d7+ {[%clk 00:50:55]} {[%emt 00:06:50]} Ke7
{[%clk 00:28:57]} {[%emt 00:02:50]} 23. Rd5 {[%clk 00:49:09]} {[%emt 00:02:17]}
Qc7 {[%clk 00:16:26]} {[%emt 00:13:01]} 24. h4 {[%clk 00:40:52]} {[%emt
00:08:47]} b3 {[%clk 00:09:53]} {[%emt 00:07:04]} 25. g5 {[%clk 00:39:50]}
{[%emt 00:01:31]} bxc2+ {[%clk 00:04:28]} {[%emt 00:05:55]} 26. Kxc2 {[%clk
00:40:11]} {[%emt 00:00:09]} Rb8 {[%clk 00:01:29]} {[%emt 00:03:29]} 27. gxf6+
gxf6 {[%clk 00:01:56]} 28. Rhd1 {[%clk 00:39:43]} {[%emt 00:01:18]} Rd8 {[%clk
00:01:11]} {[%emt 00:01:16]} 29. Qa3 {[%clk 00:39:23]} {[%emt 00:00:48]} 1-0

[Event "DEM U18 2025"]
[Site "Willingen GER"]
[Date "2025.06.09"]
[Round "3"]
[White "Lippitz, Jaden"]
[Black "Sieber, Bert"]
[Result "1-0"]
[Termination "normal"]
[Board "15"]
[WhiteElo "1828"]
[BlackElo "1996"]
[WhiteClock "00:26:24"]
[BlackClock "00:14:15"]
[PlyCount "63"]
[WhiteFideId "34608893"]
[BlackFideId "16265971"]
[EventCountry "GER"]
[EventRounds "9"]
[EventType "swiss"]
[EventDate "2025.06.07"]

1. c4 {[%clk 01:30:57]} {[%emt 00:00:02]} Nf6 {[%clk 01:30:46]} {[%emt
00:00:14]} 2. Nf3 {[%clk 01:31:20]} {[%emt 00:00:08]} e6 {[%clk 01:31:06]}
{[%emt 00:00:08]} 3. Nc3 {[%clk 01:31:07]} {[%emt 00:00:44]} d5 {[%clk
01:31:30]} {[%emt 00:00:07]} 4. cxd5 {[%clk 01:31:21]} {[%emt 00:00:16]} exd5
{[%clk 01:31:53]} {[%emt 00:00:07]} 5. d4 {[%clk 01:31:43]} {[%emt 00:00:07]}
c6 {[%clk 01:31:10]} {[%emt 00:01:13]} 6. Bf4 {[%clk 01:31:42]} {[%emt
00:00:31]} Bd6 {[%clk 01:29:12]} {[%emt 00:02:28]} 7. Bxd6 {[%clk 01:31:42]}
{[%emt 00:00:31]} Qxd6 {[%clk 01:29:35]} {[%emt 00:00:06]} 8. e3 {[%clk
01:32:07]} {[%emt 00:00:06]} Bg4 {[%clk 01:25:18]} {[%emt 00:04:47]} 9. h3
{[%clk 01:31:55]} {[%emt 00:00:41]} Bxf3 {[%clk 01:24:52]} {[%emt 00:00:56]}
10. Qxf3 {[%clk 01:32:10]} {[%emt 00:00:15]} O-O {[%clk 01:23:37]} {[%emt
00:01:45]} 11. Bd3 {[%clk 01:31:43]} {[%emt 00:00:57]} a5 {[%clk 01:13:24]}
{[%emt 00:10:44]} 12. g4 {[%clk 01:28:58]} {[%emt 00:03:14]} Re8 {[%clk
01:07:55]} {[%emt 00:05:59]} 13. Rb1 {[%clk 01:24:59]} {[%emt 00:04:29]} Na6
{[%clk 01:07:00]} {[%emt 00:01:26]} 14. g5 {[%clk 01:22:16]} {[%emt 00:03:12]}
Nd7 {[%clk 01:07:03]} {[%emt 00:00:28]} 15. h4 {[%clk 01:20:01]} {[%emt
00:02:44]} Nf8 {[%clk 00:57:10]} {[%emt 00:10:23]} 16. a3 {[%clk 01:10:42]}
{[%emt 00:09:50]} b5 {[%clk 00:46:04]} {[%emt 00:11:36]} 17. O-O {[%clk
01:01:15]} {[%emt 00:09:56]} g6 {[%clk 00:32:08]} {[%emt 00:14:26]} 18. e4
{[%clk 00:46:20]} {[%emt 00:15:26]} Ne6 {[%clk 00:24:39]} {[%emt 00:07:58]} 19.
exd5 {[%clk 00:43:00]} {[%emt 00:03:49]} Nxd4 {[%clk 00:20:35]} {[%emt
00:04:35]} 20. Qg4 {[%clk 00:41:33]} {[%emt 00:01:57]} Nb3 {[%clk 00:17:18]}
{[%emt 00:03:48]} 21. Ne4 {[%clk 00:37:04]} {[%emt 00:04:58]} Rxe4 {[%clk
00:17:32]} {[%emt 00:00:16]} 22. Bxe4 {[%clk 00:37:13]} {[%emt 00:00:21]} cxd5
{[%clk 00:16:45]} {[%emt 00:01:17]} 23. Rbd1 {[%clk 00:36:25]} {[%emt
00:01:18]} Qe6 {[%clk 00:16:03]} {[%emt 00:01:13]} 24. Qxe6 {[%clk 00:34:40]}
{[%emt 00:02:14]} fxe6 {[%clk 00:16:31]} {[%emt 00:00:02]} 25. Rxd5 {[%clk
00:34:22]} {[%emt 00:00:48]} Rb8 {[%clk 00:14:10]} {[%emt 00:02:51]} 26. Rd6
{[%clk 00:33:29]} {[%emt 00:01:22]} Nac5 {[%clk 00:14:05]} {[%emt 00:00:37]}
27. Bc2 {[%clk 00:28:30]} {[%emt 00:05:28]} Nb7 {[%clk 00:13:51]} {[%emt
00:00:45]} 28. Rb6 {[%clk 00:26:43]} {[%emt 00:02:17]} Nd2 {[%clk 00:13:17]}
{[%emt 00:01:04]} 29. Rd1 {[%clk 00:26:08]} {[%emt 00:01:03]} Nf3+ {[%clk
00:13:42]} {[%emt 00:00:07]} 30. Kf1 {[%clk 00:26:07]} {[%emt 00:00:29]} Rc8
{[%clk 00:13:55]} {[%emt 00:00:18]} 31. Rxb7 {[%clk 00:26:24]} {[%emt
00:00:14]} Rxc2 {[%clk 00:14:15]} {[%emt 00:00:09]} 32. Rd8# {[%emt 00:00:09]}
1-0